| 000 | 00764nam a2200253Ia 4500 | ||
|---|---|---|---|
| 003 | OSt | ||
| 005 | 20220918171210.0 | ||
| 006 | a|||||r|||| 00| 0 | ||
| 007 | ta | ||
| 008 | 220917b |||||||| |||| 00| 0 eng d | ||
| 020 |
_a9781409400189 (hbk) _c7027.30 |
||
| 024 | _a281,429 | ||
| 037 |
_b889, 26/03/2014, Bright Book Service _cTextual |
||
| 040 |
_aARTS _cARTS _beng |
||
| 041 |
_2eng _aeng |
||
| 082 | _aV663.M, Q3 | ||
| 100 |
_aCory Stephen _934701 |
||
| 245 | 0 | _aReviving the Islamic caliphate in early modern Morocco | |
| 260 |
_aSurrey _bAshagate England _c2013 |
||
| 300 |
_axxv,265p. _ccm. |
||
| 650 | _aHISTORY | ||
| 942 |
_hV663.M, Q3 _cTEXL _2CC |
||
| 999 |
_c138279 _d138279 |
||